ARRUPE JESUIT UNIVERSITY

CORONAVIRUS -STOP THE SPREAD - CLEAN,DISINFECT,COVER

Authority and the power of governance in institutes of consecrated life and societies of Apostolic life (Record no. 124656)

MARC details
000 -LEADER
fixed length control field 00604nam a22001577a 4500
005 - DATE AND TIME OF LATEST TRANSACTION
control field 20160503104603.0
008 - FIXED-LENGTH DATA ELEMENTS--GENERAL INFORMATION
fixed length control field 160420b xxu||||| |||| 00| 0 eng d
050 ## - LIBRARY OF CONGRESS CALL NUMBER
Classification number BX1938.R4K19
100 ## - MAIN ENTRY--PERSONAL NAME
Personal name Kasirye, Kato Andrew
9 (RLIN) 23948
245 ## - TITLE STATEMENT
Title Authority and the power of governance in institutes of consecrated life and societies of Apostolic life
Remainder of title a juridical-theological study of C.596.
Statement of responsibility, etc by Kasirye, Kato Andrew
260 ## - PUBLICATION, DISTRIBUTION, ETC. (IMPRINT)
Place of publication, distribution, etc Rome
Name of publisher, distributor, etc Pontificia Universitas Urbaniana
Date of publication, distribution, etc 2002
300 ## - PHYSICAL DESCRIPTION
Extent viii, 175p.;
Dimensions 24cm.
500 ## - GENERAL NOTE
General note Thesis
650 ## - SUBJECT ADDED ENTRY--TOPICAL TERM
Topical term or geographic name as entry element Religious life
General subdivision Canon law
9 (RLIN) 23949
942 ## - ADDED ENTRY ELEMENTS (KOHA)
Source of classification or shelving scheme Library of Congress Classification
Item type Monograph ( Printed materials)
Holdings
Withdrawn status Lost status Source of classification or shelving scheme Damaged status Not for loan Collection code Home library Current library Shelving location Date acquired Total Checkouts Full call number Barcode Date last seen Price effective from Koha item type
    Library of Congress Classification     Main Collection ARRUPE LIBRARY ARRUPE LIBRARY Main Collection 20/04/2016   BX1938.R4K19 46500006920 22/11/2017 20/04/2016 Monograph ( Printed materials)

 

Arrupe Library. PO Box MP320 Mt Pleasant, Harare, Zimbabwe
263 242 745411|librarian@aju.ac.zw